|
|
|
|
| LEADER |
00000nab a2200000 a 4500 |
| 001 |
vtls011114744 |
| 003 |
SK-MaSNL |
| 005 |
20260303125134.0 |
| 008 |
230218|2009 xo |||||||||||||||||eng| |
| 015 |
|
|
|a SNBRB
|
| 035 |
|
|
|a (uuid)13089c62-b51c-479f-8291-68f3c14c64f9
|
| 035 |
|
|
|a (urnnbn)urn:nbn:sk:snk:ar-a08j78
|
| 035 |
|
|
|a urn:nbn:sk:snk-ab9lh1
|
| 040 |
|
|
|a SNKBUCL
|b slo
|c SNKBUCL
|e AACR2
|
| 041 |
0 |
|
|a eng
|
| 044 |
|
|
|a xo
|c SK
|
| 100 |
1 |
|
|a Dresler, S.
|4 aut
|9 1143257
|
| 245 |
1 |
0 |
|a EFFECT OF ORGANIC ZINC SUPPLEMENTATION ON WEANED CALVES
|c S. Dresler, L. Povolna, J. Illek, L. Zeman
|
| 700 |
1 |
|
|a Povolna, L.
|4 aut
|9 1143258
|
| 700 |
1 |
|
|a Illek, J.
|4 aut
|9 813533
|
| 700 |
1 |
|
|a Zeman, L.
|4 aut
|9 385839
|
| 773 |
0 |
|
|t Folia veterinaria
|g Roč. 53, č. supplementum 2 (2009), s. 262-267
|
| 958 |
|
|
|a OND
|
| 958 |
|
|
|a EUIPO
|
| 958 |
|
|
|a article13
|
| 999 |
|
|
|c 1933232
|d 1935162
|